000 00564nam a22002177a 4500
003 UA-OsUOA
001 82793
007 ta
008 20120320b un ||||| |||| 00| 0 ukr d
100 _aВишневський В.
090 _a330(477)
_bВ55
942 _cSA
040 _aUA-OsUOA
_bukr
_cUA-OsUOA
_dUA-OsUOA
245 _aПромислова політика: теоретичний аспект
300 _aС.25-36
955 _a0
041 _aukr
080 _a330(477)
773 0 _w82791
650 7 _a330 Економіка взагалі
_2UDC
999 _c369066
_d369066